00742nam a2200217Ii 45000010005000000030009000050080041000140400033000550410008000880820013000961000026001092450036001352640061001713000012002323360026002443370028002703380027002989400050003259990017003759520132003923216CO-ViMGA241108s9999||||xx |||||||||||||| ||und|| aCO-ViMGAbspaerdacCO-ViMGA0 aunk04a910 - Q11 aJorge Quarnolo95544710aGeografía Universal Ilustrada 1a[Lugar de publicación no identificado] : Estrada, 1975 avolumen atextbtxt2rdacontent aunmediatedbn2rdamedia avolumebnc2rdacarrier aidficha_siabuc: 3140. -- ficha_no_siabuc:3216 c53001d53001 001040708001aMEVIGERRbMEVIGERRcGENd2006-11-27o910 - Q1pECA1538r2024-11-26 10:09:39tEj.1w2024-11-26yBKz3140 | 4517